Choose the NBA Players Jersey Numbers - Statistics

General Stats
  • This quiz has been taken 13 times
  • The average score is 4 of 10
Answer Stats
Question Answer % Correct
Shaquille O'Neal (Boston Celtics) 36
67%
Vince Carter (Dallas Mavericks) 25
58%
Andre Iguodala (Miami Heat) 28
58%
Reggie Lewis 35
58%
Allen Iverson (Detroit Pistons) 1
50%
Pau Gasol (Milwaukee Bucks) 17
50%
Charles Barkley (Houston Rockets) 4
33%
Terry Teagle (Golden State Warriors) 20
25%
Robert Horry (Houston Rockets) 25
25%
Vern Mikkelsen 19
17%
No matching quizzes found
Score Distribution
Percent of People with Each Score
Percentile by Number Answered
Your Score History
You have not taken this quiz